Catálogo público

Refrigeración de manzanas y peras : guía práctica / (Record no. 173936)

MARC details
000 -CABECERA
campo de control de longitud fija 01311nam a2200385Ia 4500
001 - NÚMERO DE CONTROL
campo de control dia_3473
003 - IDENTIFICADOR DEL NÚMERO DE CONTROL
campo de control CHAP
005 - FECHA Y HORA DE LA ÚLTIMA TRANSACCIÓN
campo de control 20230411111825.0
008 - DATOS DE LONGITUD FIJA--INFORMACIÓN GENERAL
campo de control de longitud fija 220117s1980 xx 000 0 und d
010 ## - NÚMERO DE CONTROL DE LA BIBLIOTECA DEL CONGRESO
Número de control de LC 173936
020 ## - NÚMERO INTERNACIONAL ESTÁNDAR DEL LIBRO
Número Internacional Estándar del Libro 84-200-0454-5
040 ## - FUENTE DE LA CATALOGACIÓN
Centro/agencia transcriptor CHAP
082 ## - NÚMERO DE LA CLASIFICACIÓN DECIMAL DEWEY
Número de clasificación 634.1166 F53 1980
100 ## - ENTRADA PRINCIPAL--NOMBRE DE PERSONA
Nombre de persona Fidler, John Carter
9 (RLIN) 154730
245 ## - MENCIÓN DE TÍTULO
Título Refrigeración de manzanas y peras : guía práctica /
Mención de responsabilidad, etc. John Carter Fidler y Geoffrey Mann ; traducción Benedicto Sanz Sanz
260 ## - PUBLICACIÓN, DISTRIBUCIÓN, ETC.
Lugar de publicación, distribución, etc. Zaragoza, España :
Nombre del editor, distribuidor, etc. Acribia,
Fecha de publicación, distribución, etc. 1980
300 ## - DESCRIPCIÓN FÍSICA
Extensión 85 p.
500 ## - NOTA GENERAL
Nota general Título original: Refrigerated storage of apples and pears--a practical guide
503 ## - NOTA DE HISTORIA BIBLIOGRÁFICA (BK CF MU) [OBSOLETO]
Nota de historia bibliográfica C/e
590 ## - NOTA LOCAL (RLIN)
Nota local SB363.4 F53 1980
650 ## - PUNTO DE ACCESO ADICIONAL DE MATERIA--TÉRMINO DE MATERIA
Término de materia o nombre geográfico como elemento de entrada Alimentos refrigerados
9 (RLIN) 147774
650 ## - PUNTO DE ACCESO ADICIONAL DE MATERIA--TÉRMINO DE MATERIA
Término de materia o nombre geográfico como elemento de entrada Apples
Subdivisión general Storage
9 (RLIN) 154731
650 ## - PUNTO DE ACCESO ADICIONAL DE MATERIA--TÉRMINO DE MATERIA
Término de materia o nombre geográfico como elemento de entrada Chilled foods
9 (RLIN) 147775
650 #0 - PUNTO DE ACCESO ADICIONAL DE MATERIA--TÉRMINO DE MATERIA
Término de materia o nombre geográfico como elemento de entrada Food preservation
9 (RLIN) 147769
650 ## - PUNTO DE ACCESO ADICIONAL DE MATERIA--TÉRMINO DE MATERIA
Término de materia o nombre geográfico como elemento de entrada Manzanas
Subdivisión general Almacenamiento
9 (RLIN) 154732
650 ## - PUNTO DE ACCESO ADICIONAL DE MATERIA--TÉRMINO DE MATERIA
Término de materia o nombre geográfico como elemento de entrada Pears
Subdivisión general Storage
9 (RLIN) 154733
650 ## - PUNTO DE ACCESO ADICIONAL DE MATERIA--TÉRMINO DE MATERIA
Término de materia o nombre geográfico como elemento de entrada Pera
Subdivisión general Almacenamiento
9 (RLIN) 86960
650 ## - PUNTO DE ACCESO ADICIONAL DE MATERIA--TÉRMINO DE MATERIA
Término de materia o nombre geográfico como elemento de entrada Preservación de alimentos
9 (RLIN) 144378
700 ## - PUNTO DE ACCESO ADICIONAL--NOMBRE DE PERSONA
Nombre de persona Mann, Geoffrey, coaut.
9 (RLIN) 154734
700 ## - PUNTO DE ACCESO ADICIONAL--NOMBRE DE PERSONA
Nombre de persona Sanz Sanz, Benedicto, tr.
9 (RLIN) 154735
901 ## - ELEMENTOS DE DATOS A LOCAL LDA (RLIN)
a 634.1166 F53 1980
902 ## - ELEMENTOS DE DATOS B LOCAL, LDB (RLIN)
a M
905 ## - ELEMENTOS DE DATOS E LOCAL, LDE (RLIN)
a 5232271980 SP admn8222223322SPA16
942 ## - ELEMENTOS DE PUNTO DE ACCESO ADICIONAL (KOHA)
Tipo de ítem Koha Libro
Fuente del sistema de clasificación o colocación Dewey Decimal Classification
Holdings
Estado de retiro Estado de pérdida Fuente del sistema de clasificación o colocación Estado dañado Restricciones de uso No para préstamo Código de colección Localización permanente Ubicación/localización actual Fecha de adquisición Fuente de adquisición Coste, precio normal de compra Número de inventario Total de préstamos Signatura topográfica completa Código de barras Fecha visto por última vez Número de copia Tipo de ítem Koha
    Dewey Decimal Classification   Préstamo interno   General Ingenieria Agroindustrial Ingenieria Agroindustrial 18/01/2022 Compra Librería Gaona F. 1687 / R. (17/04/1989) 24880.50 C/e   634.1166 F53 1980 dia_003460 18/01/2022 1 Libro